000
00317nam a22001337a 4500
020
_a
978-81-318-0810-8
082
_a
574
_b
SHA/B
100
_a
Dr.J.P.SHARMA
245
_a
COMPREHENSIVE BIOLOGY
_b
CLASS XII
260
_a
DELHI
_b
LAXMI PUBLICATIONS
300
_a
586
650
_a
BIOLOGY FOR CLASS XII
_z
INDIA
942
_c
BK
999
_c
725
_d
725